| 000 | 00817nam a2200229 i 4500 | ||
|---|---|---|---|
| 001 | 66763 | ||
| 003 | ES-MaACL | ||
| 005 | 20230906165824.0 | ||
| 007 | t| | ||
| 008 | 030527s20032002sp ad |||| |dspa d | ||
| 020 | _a84-607-6295-5 | ||
| 080 | _a94(460.253 Llerena)(063) | ||
| 111 | 2 |
_aJornadas de Historia en Llerena ( _n3ª. _d2002) _9767 |
|
| 245 | 1 | 0 |
_aActas de las III Jornadas de Historia de Llerena _b: [Llerena, 18 y 19 de octubre de 2002]. |
| 246 | 3 | _aJornadas de Historia en Llerena | |
| 260 |
_aLlerena (Badajoz) : _bSociedad Extremeña de Historia, _c[2003] |
||
| 300 |
_a358 p. : _bil., gráf. ; _c24 cm. |
||
| 504 | _aReferencias bibliográficas. | ||
| 651 | 4 |
_aLlerena- _xHistoria- _vCongresos y asambleas. _98926 |
|
| 710 | 2 |
_aSociedad Extremeña de Historia. _96768 |
|
| 852 |
_aES-MaACL _jL-27243 |
||
| 999 |
_c66763 _d66763 |
||